| 000 | 00886nam a2200229 a 4500 | ||
|---|---|---|---|
| 001 | 000016625 | ||
| 003 | DO-SdBNP | ||
| 005 | 20250205101656.0 | ||
| 008 | 100308s1986 dr a 001 0 spa d | ||
| 040 |
_aDO-SdBNP _bspa _cBNPHU |
||
| 049 | _aBNPD | ||
| 082 |
_axxxx _bD555e |
||
| 245 | 0 | 0 |
_aDidáctica especial de la lengua / _cVenecia Acosta Santana [et. al] ; coordinador Magdalia Martínez de Isidor ; ilustración Julio César Martínez. |
| 246 | 1 | 4 | _aDidáctica especial de la lengua |
| 260 |
_aSanto Domingo : _bDirección General de Medios Educativos, _c1986. |
||
| 300 |
_a238p. : _bil. ; _c25 cm. |
||
| 700 | 1 |
_aAcosta Santana, Venecia _936928 |
|
| 700 | 1 |
_aMartínez de Isidor, Magdalia _ecoor. _936929 |
|
| 700 | 1 |
_aMartínez, Julio César _91263 |
|
| 710 | 1 |
_aRepública Dominicana. _bSecretaría de Estado de Educación, Bellas Artes y Cultos _923965 |
|
| 942 |
_2ddc _cLBS1 |
||
| 999 |
_c16158 _d16158 |
||